LOTR Prologue Quiz Stats

 Plays Quiz Updated Oct 31, 2018

Score 0/161 Timer 10:00
41 Plays Today
% Correct
The
98.3%
the
98.3%
the
98.3%
the
98.3%
the
98.3%
the
98.3%
the
98.3%
the
98.3%
the
98.3%
the
98.3%
the
98.3%
the
98.3%
the
98.3%
the
98.3%
a
96.2%
ring
96%
Ring
96%
Ring
96%
Ring
96%
I
92.9%
I
92.9%
I
92.9%
to
92.5%
to
92.5%
to
92.5%
to
92.5%
to
92.5%
to
92.5%
to
92.5%
all
90.8%
all
90.8%
all
90.8%
all
90.8%
all
90.8%
all.
90.8%
in
89.5%
in
89.5%
in
89.5%
In
89.5%
in
89.5%
in
89.5%
One
89.2%
them
89.1%
them
89.1%
of
88.8%
of
88.8%
of
88.8%
of
88.8%
of
88.8%
of
88.8%
of
88.8%
rule
87.8%
Lord
86.6%
men
86.1%
% Correct
Elves:
85.5%
For
85.2%
For
85.2%
For
85.2%
Dwarf-
83.1%
Three
81.5%
Rings.
81.1%
rings
81.1%
rings
81.1%
Dark
81.1%
nine,
81.1%
nine
81.1%
Sauron
80.6%
is
80.5%
is
80.5%
Mount
79.6%
and
79.4%
and
79.4%
And
79.4%
and
79.4%
And
79.4%
and
79.4%
Seven
79.4%
were
78.7%
were
78.7%
were
78.7%
Doom
78.1%
it
77.4%
it
77.4%
it
77.4%
it.
77.4%
It
77.4%
given
76.8%
power.
76.6%
was
76.4%
was
76.4%
was
76.4%
Lords:
75.3%
forged
72.8%
world
71.6%
earth.
70.8%
fires
70.6%
he
70.6%
Mordor,
70.5%
who
69.3%
who,
69.3%
feel
67.7%
feel
67.7%
air.
65.6%
water.
65.3%
they
64.6%
secret
64.6%
made.
64.2%
land
62.7%
% Correct
that
62%
with
62%
above
61.3%
race
61.2%
race.
61.2%
But
60.8%
smell
60.3%
Great
60.1%
great
60.1%
desire
59.9%
his
59.7%
his
59.7%
his
59.7%
this
59.6%
another
58.6%
Master
57.7%
changed.
57.6%
once
57.1%
will
57.1%
will
57.1%
wisest
56.7%
else,
56.6%
deceived.
56.4%
lost.
56%
fairest
55.9%
mountain
55.4%
miners
54.6%
forging
52.7%
halls.
52.6%
began
52.4%
now
52.1%
gifted
51.6%
these
51.3%
others.
51%
malice
50.7%
poured
50.6%
live
50.5%
remember
50.5%
none
49.4%
into
49.3%
beings.
49.3%
control
48.8%
craftsmen
47.3%
each
45.7%
life.
45.2%
dominate
44.6%
Immortal,
43.4%
Much
43.2%
within
43%
govern
41.6%
cruelty,
41%
strength
36%
bound
28.4%

You're not logged in!

Compare scores with friends on all Sporcle quizzes.
OR
Log In

Show Comments

Extras

Top Quizzes Today


Score Distribution

Your Account Isn't Verified!

In order to create a playlist on Sporcle, you need to verify the email address you used during registration. Go to your Sporcle Settings to finish the process.

Report this User

Report this user for behavior that violates our Community Guidelines.

Details: